| 000 | 00403 a2200133 4500 | ||
|---|---|---|---|
| 001 | 88330 | ||
| 082 | _aPR 535 | ||
| 090 |
_c41750 _d41750 |
||
| 100 | _aMuhammad Waqas Arif | ||
| 245 | _aDevelopment of an artificial neural network to estimate the nozzle guide vane ext area of Atar 09C Engine | ||
| 260 |
_aRisalpur _bNUST Risalpur _c2001 |
||
| 300 |
_a81p. _eAthar Kharal |
||
| 500 | _aBE Project Reports | ||
| 942 |
_aCAE NUST _kPR 535 |
||
| 999 |
_c323403 _d323403 |
||